Statistiques concernant Répartition des arbres forestiers en Grande-Bretagne par surface

Cliquez ici pour prendre le quiz!

Statistiques générales

  • Ce quiz a été pris 23 fois
  • Le résultat moyen est 7 sur 13

Réponses sur la Carte

Les réponses sont colorées sur une échelle allant du rouge au vert en fonction du pourcentage des utilisateurs qui les ont devinées à leur premier essai. Vous pouvez retrouver ces pourcentages ci-dessous.
 

Statistiques - réponses

Réponse% Correct
Pin
100%
Chêne
96%
Bouleau
87%
Épicéa
61%
Hêtre
52%
Douglas
48%
Noisetier
48%
Frêne
43%
Mélèze
39%
Saule
39%
Sycomore
39%
Aulne
13%
Aubépine
4%

Distribution des résultats

Percentile par nombre de réponses

% des personnes avec chaque résultat

Votre développement - résultats

Vous n’avez pas pris ce quiz